Vývoj nových analytických metód v mliekárenskej praxi : Obh. 11.6.1997 /

Na minha lista:
Detalhes bibliográficos
Autor principal: Leporisová, Beáta (Author)
Formato: Manuscrito Livro
Idioma:eslovaco
Publicado em: Bratislava : STU v Bratislave ChtF, 1997
Tags: Adicionar Tag
Sem tags, seja o primeiro a adicionar uma tag!

MARC

LEADER 00000ntm a22000003a 4500
001 stu24607
005 20150617225747.7
008 970709s1997----xo------------------slo-d
040 |a STU  |b slo 
041 0 |a slo 
044 |a xo 
100 1 |a Leporisová, Beáta  |4 aut 
245 1 |a Vývoj nových analytických metód v mliekárenskej praxi :  |b Obh. 11.6.1997 /  |c [aut.]Leporisová,Beáta 
260 |a Bratislava :  |b STU v Bratislave ChtF,  |c 1997 
300 |a 69 s :  |b Tab.,grafy,lit 
500 |a Zameranie: Mlieko,tuky a hygiena požívatín 
996 |b CD12373  |c C*D12373  |l CCI  |s A  |a 24  |w stu24607_0001